000 00360nam a2200133Ia 4500
005 20251222144815.0
008 251222s9999||||xx |||||||||||||| ||spa||
020 _a978-9972-48-127-7
082 _a289.8/B66
100 _aBobadilla Rodríguez, Francisco
245 0 _aProgreso Económico y Desarrollo Humano:
264 _bUniversidad de Piura
942 _cLIB
999 _c20253
_d20253